[Event "Teplice Open 2019"]
[Site "Teplice"]
[Date "2019.06.16"]
[Round "2.21"]
[White "Gumularz, Szymon"]
[Black "Ehrke, Michael"]
[Result "1-0"]
[WhiteElo "2495"]
[BlackElo "2222"]
[Annotator "TA"]
[PlyCount "119"]
[EventDate "2019.06.15"]
[EventType "swiss"]
[EventCountry "CZE"]
[SourceTitle "playchess.com"]
[Source "ChessBase"]
[SourceQuality "1"]

{[%evp 19,119,25,37,34,37,51,35,41,52,39,35,49,66,63,52,18,17,27,84,0,7,0,110,48,44,0,0,0,0,-11,-8,-12,-12,-12,-13,-12,0,0,8,7,22,15,12,0,29,29,29,33,29,33,33,32,36,34,36,0,25,31,26,4,4,0,52,18,47,0,36,31,29,9,34,34,29,0,0,0,0,0,0,0,0,0,0,0,0,0,0,0,0,0,0,0,0,3,29956,29956,29956,29950,12271,5574,4631,4622]} 1. e4 d5 2. exd5 Qxd5 3. Nc3 Qa5 4. d4 c6 5. Bc4 Nf6 6. Nf3 Bf5 7. Bd2 e6 8. Nd5 Qd8 9. Nxf6+ Qxf6 10. Qe2 Bg4 11. O-O-O {B01: Scandinavian Defence} Nd7 12. d5 {aiming for dxe6.} Bxf3 13. gxf3 {[%cal Rd5e6] White is slightly better.} cxd5 14. Bxd5 O-O-O 15. Be4 (15. Bxb7+ Kxb7 16. Qe4+ Ka6 17. Qa4+ Kb7 18. Qe4+ Ka6 19. Qa4+ Kb7 {½-½ (19) Hamdouchi,H (2628)-Bauer,C (2637) Caen 2011}) 15... Qe5 16. f4 Qc7 17. Rhg1 g6 $146 ({Predecessor:} 17... Nc5 18. Rg3 Be7 {½-½ (66) Dembo,Y (2464)-Fierro Baquero,M (2294) Turin 2006}) 18. Rg3 {And now Rc3 would win.} Bg7 {[#]} (18... Nc5 $11 {keeps the balance.}) 19. Ra3 (19. Bc3 $1 $16 {[%cal Rc3g7]} Bh6 20. Kb1 Bxf4 21. Rh3) 19... Nc5 20. Bf3 Qb6 (20... Kb8 $11) 21. b4 (21. Bc3 $16 Rxd1+ 22. Kxd1 Rd8+ 23. Ke1) 21... Na6 $1 $14 {[%cal Bc5a6,Ba6c7,Bc7b5,Bb5c3][%mdl 32]} 22. Qc4+ Nc7 $1 23. Be3 Rxd1+ 24. Bxd1 Qb5 25. Qxb5 Nxb5 26. Rd3 Nc3 27. a3 Nxd1 28. Kxd1 $11 {[%mdl 4096] Endgame KRB-KRB} a6 29. Bb6 Bf6 30. Ke2 Bd8 31. Rc3+ Kb8 (31... Kd7 $5 {[%cal Rd8b6]} 32. Rd3+ Kc8 $11) 32. Bd4 f6 $1 33. Re3 Re8 34. Rh3 h5 35. Rg3 Rg8 36. Re3 Re8 37. Rg3 Rg8 $1 38. c4 Bc7 39. Bxf6 {White wants to play Ke3.} Bxf4 40. Rg2 Kc7 (40... g5 $1 $11) 41. h4 Kd6 42. Bg5 Ke5 43. Bxf4+ Kxf4 $14 {KR-KR} 44. Rg5 e5 45. c5 Ke4 46. f3+ Kd4 47. f4 exf4 48. Kf3 Rg7 49. c6 bxc6 50. Rc5 Re7 51. Rxc6 Re3+ 52. Kxf4 {White wants to mate with Rd6+.} Rxa3 53. Rxg6 a5 54. bxa5 Rxa5 55. Rg5 Ra1 56. Rxh5 {Hoping for Rf5.} Rg1 $2 {[%mdl 8192] [#]} (56... Rf1+ $11 57. Kg5 Ke5) 57. Rf5 Rf1+ 58. Kg5 Rg1+ 59. Kf6 Ke4 60. h5 {Accuracy: White = 57%, Black = 52%.} 1-0

[Event "Teplice Open 2019"]
[Site "Teplice"]
[Date "2019.06.16"]
[Round "2.22"]
[White "Pacan-Milej, Kosma"]
[Black "Janik, Igor"]
[Result "1-0"]
[WhiteElo "2247"]
[BlackElo "2483"]
[Annotator "ChessBase"]
[PlyCount "59"]
[EventDate "2019.06.15"]
[EventType "swiss"]
[EventCountry "CZE"]
[SourceTitle "playchess.com"]
[Source "ChessBase"]
[SourceQuality "1"]
[TimeControl "40/5400+30:1800+30"]

1. d4 {[%emt 0:00:00]} Nf6 {[%emt 0:00:00]} 2. c4 {[%emt 0:00:00]} g6 {[%emt 0:00:00]} 3. f3 {[%emt 0:00:00]} Bg7 {[%emt 0:00:25]} 4. e4 {[%emt 0:00:00]} O-O {[%emt 0:00:09]} 5. Ne2 {[%emt 0:00:00]} d6 {[%emt 0:00:14]} 6. Be3 {[%emt 0:00:04]} Nc6 {[%emt 0:00:07]} 7. Nbc3 {[%emt 0:01:48]} a6 {[%emt 0:00:04]} 8. Qd2 {[%emt 0:00:33]} Na5 {[%emt 0:00:06]} 9. Nc1 {[%emt 0:01:26]} Nd7 {[%emt 0:06:24]} 10. Nb3 {[%emt 0:09:04]} c5 {[%emt 0:03:07]} 11. Be2 {[%emt 0:10:10]} Nxb3 {[%emt 0:03:51]} 12. axb3 {[%emt 0:00:06]} cxd4 {[%emt 0:00:05]} 13. Bxd4 {[%emt 0:00:03]} Bxd4 {[%emt 0:00:08]} 14. Qxd4 {[%emt 0:00:05]} Nc5 {[%emt 0:00:04]} 15. Ra3 {[%emt 0:06:00]} e5 {[%emt 0:01:20]} 16. Qd2 {[%emt 0:07:22]} f5 {[%emt 0:19:56]} 17. O-O {[%emt 0:15:05]} fxe4 {[%emt 0:03:12]} 18. fxe4 {[%emt 0:08:06]} Rxf1+ {[%emt 0:01:20]} 19. Bxf1 {[%emt 0:00:27]} Qb6 {[%emt 0:04:32]} 20. Nd5 {[%emt 0:07:40]} Qa7 {[%emt 0:00:13]} 21. Qe3 {[%emt 0:01:12]} Kg7 {[%emt 0:04:21]} 22. b4 {[%emt 0:02:11]} Nxe4 {[%emt 0:00:07]} 23. Nb6 {[%emt 0:00:36]} Nf6 {[%emt 0:00:08]} 24. Nxa8 {[%emt 0:00:09]} Qxa8 {[%emt 0:00:05]} 25. Qb6 {[%emt 0:07:50]} Qb8 {[%emt 0:00:19]} 26. Qd8 {[%emt 0:01:24]} Qa7+ {[%emt 0:03:37]} 27. c5 {[%emt 0:01:03]} dxc5 {[%emt 0:00:36]} 28. Qe7+ {[%emt 0:00:54]} Kh6 {[%emt 0:00:02]} 29. bxc5 {[%emt 0:00:56]} Nd5 {[%emt 0:00:47]} 30. Qf8+ {[%emt 0:00:19]} 1-0

[Event "Teplice Open 2019"]
[Site "Teplice"]
[Date "2019.06.16"]
[Round "2.23"]
[White "Kraus, Tomas"]
[Black "Cholleti, Sahajasri"]
[Result "1-0"]
[WhiteElo "2479"]
[BlackElo "2207"]
[Annotator "ChessBase"]
[PlyCount "77"]
[EventDate "2019.06.15"]
[EventType "swiss"]
[EventCountry "CZE"]
[SourceTitle "playchess.com"]
[Source "ChessBase"]
[SourceQuality "1"]
[TimeControl "40/5400+30:1800+30"]

1. e4 {[%emt 0:00:00]} c5 {[%emt 0:00:38]} 2. Nc3 {[%emt 0:00:00]} d6 {[%emt 0:00:14]} 3. f4 {[%emt 0:00:22]} g6 {[%emt 0:04:30]} 4. Nf3 {[%emt 0:00:19]} Bg7 {[%emt 0:00:56]} 5. Bc4 {[%emt 0:00:14]} Nc6 {[%emt 0:01:45]} 6. O-O {[%emt 0:00:09]} Nf6 {[%emt 0:00:28]} 7. d3 {[%emt 0:00:11]} O-O {[%emt 0:00:26]} 8. h3 {[%emt 0:00:03]} Nd4 {[%emt 0:10:50]} 9. Be3 {[%emt 0:08:56]} Ne8 {[%emt 0:07:41]} 10. Bf2 {[%emt 0:06:14]} e6 {[%emt 0:05:38]} 11. Nxd4 {[%emt 0:01:43]} cxd4 {[%emt 0:06:49]} 12. Ne2 {[%emt 0:00:14]} e5 {[%emt 0:01:07]} 13. fxe5 {[%emt 0:08:53]} dxe5 {[%emt 0:00:17]} 14. c3 {[%emt 0:00:36]} Nc7 {[%emt 0:03:32]} 15. cxd4 {[%emt 0:01:54]} exd4 {[%emt 0:00:07]} 16. Nf4 {[%emt 0:01:35]} Be6 {[%emt 0:09:56]} 17. Nxe6 {[%emt 0:03:33]} Nxe6 {[%emt 0:00:05]} 18. Bg3 {[%emt 0:05:39]} Qe7 {[%emt 0:10:01]} 19. Rc1 {[%emt 0:04:00]} Bh6 {[%emt 0:03:20]} 20. Rc2 {[%emt 0:01:32]} Rac8 {[%emt 0:01:49]} 21. Kh1 {[%emt 0:02:50]} a6 {[%emt 0:05:27]} 22. a4 {[%emt 0:07:20]} b5 {[%emt 0:04:29]} 23. axb5 {[%emt 0:07:01]} axb5 {[%emt 0:00:03]} 24. Bd5 {[%emt 0:00:07]} Qd7 {[%emt 0:05:11]} 25. Be5 {[%emt 0:08:30]} Bg7 {[%emt 0:06:51]} 26. Bxg7 {[%emt 0:01:20]} Kxg7 {[%emt 0:00:08]} 27. Rcf2 {[%emt 0:00:19]} Qe7 {[%emt 0:07:02]} 28. Qb3 {[%emt 0:04:11]} b4 {[%emt 0:00:58]} 29. Qa2 {[%emt 0:00:04]} g5 {[%emt 0:00:57]} 30. g3 {[%emt 0:03:14]} h5 {[%emt 0:00:48]} 31. Rf5 {[%emt 0:02:02]} Qd6 {[%emt 0:02:14]} 32. e5 {[%emt 0:04:02]} Qe7 {[%emt 0:00:33]} 33. Bc4 {[%emt 0:03:00]} Nd8 {[%emt 0:00:40]} 34. b3 {[%emt 0:04:37]} Rc5 {[%emt 0:00:10]} 35. Qe2 {[%emt 0:00:17]} Rh8 {[%emt 0:01:13]} 36. Bxf7 {[%emt 0:02:41]} Nxf7 {[%emt 0:00:02]} 37. Rxf7+ {[%emt 0:00:09]} Qxf7 {[%emt 0:00:03]} 38. Rxf7+ {[%emt 0:00:06]} Kxf7 {[%emt 0:00:02]} 39. Qf3+ {[%emt 0:00:09]} 1-0

[Event "Teplice Open 2019"]
[Site "Teplice"]
[Date "2019.06.16"]
[Round "2.24"]
[White "Riha, Vojtech"]
[Black "Blohberger, Felix"]
[Result "0-1"]
[WhiteElo "2244"]
[BlackElo "2475"]
[Annotator "ChessBase"]
[PlyCount "46"]
[EventDate "2019.06.15"]
[EventType "swiss"]
[EventCountry "CZE"]
[SourceTitle "playchess.com"]
[Source "ChessBase"]
[SourceQuality "1"]
[TimeControl "40/5400+30:1800+30"]

1. e4 {[%emt 0:04:29]} c5 {[%emt 0:00:08]} 2. b4 {[%emt 0:00:06]} cxb4 {[%emt 0:00:19]} 3. a3 {[%emt 0:00:07]} e5 {[%emt 0:00:28]} 4. Nf3 {[%emt 0:00:18]} Nc6 {[%emt 0:00:33]} 5. Bb5 {[%emt 0:00:42]} Nf6 {[%emt 0:00:43]} 6. O-O {[%emt 0:00:54]} Nxe4 {[%emt 0:00:41]} 7. Re1 {[%emt 0:01:07]} Qb6 {[%emt 0:16:13]} 8. Rxe4 {[%emt 0:13:45]} Qxb5 {[%emt 0:00:16]} 9. axb4 {[%emt 0:06:45]} Bxb4 {[%emt 0:00:53]} 10. Nc3 {[%emt 0:05:11]} Bxc3 {[%emt 0:05:56]} 11. dxc3 {[%emt 0:00:05]} d5 {[%emt 0:12:01]} 12. c4 {[%emt 0:01:18]} dxc4 {[%emt 0:00:13]} 13. Ba3 {[%emt 0:01:54]} Be6 {[%emt 0:12:52]} 14. Nxe5 {[%emt 0:27:45]} Qd5 {[%emt 0:14:26]} 15. Qe2 {[%emt 0:15:11]} Nd4 {[%emt 0:05:02]} 16. Qe3 {[%emt 0:19:36]} Nxc2 {[%emt 0:01:39]} 17. Qg5 {[%emt 0:03:35]} Nxa3 {[%emt 0:00:16]} 18. Nxf7 {[%emt 0:00:35]} O-O {[%emt 0:06:50]} 19. Re5 {[%emt 0:00:21]} Qd4 {[%emt 0:00:17]} 20. Nh6+ {[%emt 0:00:42]} Kh8 {[%emt 0:00:06]} 21. Rf1 {[%emt 0:00:29]} gxh6 {[%emt 0:00:23]} 22. Qh5 {[%emt 0:00:33]} Bg4 {[%emt 0:00:31]} 23. Qxh6 {[%emt 0:00:30]} Qxe5 {[%emt 0:00:11]} 0-1

[Event "Teplice Open 2019"]
[Site "Teplice"]
[Date "2019.06.16"]
[Round "2.25"]
[White "Warmerdam, Max"]
[Black "Georgescu, Lena"]
[Result "1-0"]
[WhiteElo "2475"]
[BlackElo "2200"]
[Annotator "TA"]
[PlyCount "185"]
[EventDate "2019.06.15"]
[EventType "swiss"]
[EventCountry "CZE"]
[SourceTitle "playchess.com"]
[Source "ChessBase"]
[SourceQuality "1"]

{[%evp 17,185,44,50,13,17,5,11,0,0,0,0,0,0,0,15,23,35,-18,-7,-27,0,0,2,0,0,-28,-21,-22,23,18,16,0,0,0,0,0,0,0,0,-7,0,0,-1,-58,-58,-50,19,14,15,15,15,15,16,6,3,10,7,12,23,0,0,0,0,0,11,0,0,0,0,0,0,0,0,0,0,0,0,0,0,0,5,0,0,0,0,0,0,0,0,0,0,-14,0,0,0,0,0,0,1,0,0,0,1,0,0,0,0,0,16,21,11,0,0,0,9,15,27,29,97,3,172,181,207,73,1422,972,3276,2650,3556,4113,4133,4141,2446,1956,2379,1766,29974,29974,29979,0,29980,29981,29981,29982,29982,29983,29983,29984,29985,29986,29986,29987,29987,29988,29988,29989,29989,29990,29991,29990,29991,29992,29992,29991,29994,29995,29996,29994,29994,29995]} 1. e4 e5 2. Nf3 Nc6 3. Bb5 a6 4. Ba4 Nf6 5. O-O b5 6. Bb3 Bc5 7. a4 Rb8 8. c3 d6 9. d4 Bb6 10. a5 {C78: Ruy Lopez: Archangelsk and Möller Defences} Ba7 $1 11. h3 O-O 12. Re1 {The position is equal.} Bb7 (12... h6 13. Be3 Ra8 14. Nbd2 Re8 15. Nf1 exd4 16. cxd4 Rxe4 17. Ng3 Re6 18. Bxe6 fxe6 {1-0 (52) Le,Q (2704)-Jones,G (2702) Hengshui 2019}) 13. Bg5 h6 14. Bh4 g5 15. Bg3 Re8 $146 ({Predecessor:} 15... exd4 16. cxd4 Re8 17. Nc3 b4 {1-0 (49) Blohberger,F (2434)-Agrest,I (2258) Germany 2019}) 16. dxe5 Nxe5 17. Bc2 (17. Nxe5 $14 dxe5 18. Nd2) 17... Nh5 $11 18. Bh2 {Strongly threatening Nxe5.} Nxf3+ 19. Qxf3 Qf6 20. Nd2 Nf4 21. Kh1 {White wants to play g3.} Kg7 22. Nf1 Ng6 {aiming for ...Qxf3.} 23. Qxf6+ Kxf6 24. Ne3 Bxe3 25. Rxe3 Re7 26. Rae1 Rbe8 27. b3 Kg7 28. Kg1 f6 29. Kf1 Nf4 30. f3 {[#]} ({White should play} 30. h4 $11) 30... Nd5 $1 $15 {[%mdl 512]} 31. Rd3 {[#]} (31. exd5 Rxe3) 31... Nf4 (31... f5 $1 $15 {[%mdl 512]}) 32. Rdd1 $11 Kf7 33. b4 Bc8 34. Kf2 Be6 35. h4 Ng6 36. hxg5 hxg5 37. Bg3 Rh8 38. Rh1 Ree8 39. Bd3 Ne5 40. Be2 Kg6 41. Rc1 Nc4 42. Bd3 Kf7 43. Ke2 Nb2 44. Bc2 Nc4 45. Ra1 Ke7 46. Bf2 Ne5 47. Bd4 Bc4+ 48. Kd2 Nc6 49. Bf2 Ne5 50. Bg3 Ke6 51. Bf2 Kf7 52. Rae1 Be6 53. Bd4 Nc4+ 54. Kc1 Ne5 55. Reg1 Bc4 56. Kd2 Ke6 57. Bd1 Reg8 58. g3 Kf7 59. Ke3 Nc6 60. Bc2 Ke6 61. Rc1 Rc8 62. f4 Nxd4 63. cxd4 gxf4+ 64. gxf4 Rcg8 65. Kf3 Kf7 66. Rce1 Rxh1 67. Rxh1 {[%mdl 4096] Endgame KRB-KRB} Rg7 (67... f5 $11 {remains equal.}) 68. Rh8 (68. Kf2 $16) 68... Rg8 $2 (68... Rg1 $1 $11 {and Black stays safe.}) 69. Rxg8 $18 Kxg8 {KB-KB} 70. e5 (70. f5 $18 {is more deadly.}) 70... fxe5 $2 {[%mdl 8192]} (70... Kf7 $16) 71. dxe5 dxe5 72. fxe5 Bd5+ 73. Be4 c6 74. Ke3 Kf7 75. Bf5 Ke7 76. Kd4 Kd8 77. Be4 Bxe4 78. Kxe4 {K3P-K3P} Ke7 $2 {[%mdl 8192]} (78... Kd7 $11 79. Kd4 c5+ 80. Kxc5 Ke6) 79. Kd4 {White mates.} Ke6 {[#]} 80. Kc5 $1 Kxe5 81. Kxc6 {KPP-KPP} Kd4 82. Kb6 Kc4 83. Kxa6 Kxb4 {KP-KP} 84. Kb6 Kc4 85. a6 b4 86. a7 b3 87. a8=Q Kc3 88. Qf3+ Kc2 89. Qe2+ Kc1 90. Qc4+ Kb2 91. Kb5 Ka1 92. Qa4+ Kb2 93. Kc4 {Accuracy: White = 57%, Black = 56%.} 1-0

[Event "Teplice Open 2019"]
[Site "Teplice"]
[Date "2019.06.16"]
[Round "2.26"]
[White "Navrotescu, Andreea-Cristiana"]
[Black "Gavrilescu, David"]
[Result "0-1"]
[WhiteElo "2233"]
[BlackElo "2475"]
[Annotator "ChessBase"]
[PlyCount "80"]
[EventDate "2019.06.15"]
[EventType "swiss"]
[EventCountry "CZE"]
[SourceTitle "playchess.com"]
[Source "ChessBase"]
[SourceQuality "1"]
[TimeControl "40/5400+30:1800+30"]

1. Nf3 {[%emt 0:01:38]} d5 {[%emt 0:00:00]} 2. b3 {[%emt 0:00:03]} Bf5 {[%emt 0:01:14]} 3. Bb2 {[%emt 0:00:16]} e6 {[%emt 0:00:29]} 4. g3 {[%emt 0:00:24]} Nf6 {[%emt 0:00:42]} 5. Bg2 {[%emt 0:00:18]} h6 {[%emt 0:01:02]} 6. O-O {[%emt 0:00:26]} Be7 {[%emt 0:00:37]} 7. d3 {[%emt 0:00:26]} O-O {[%emt 0:00:40]} 8. Nbd2 {[%emt 0:00:15]} Bh7 {[%emt 0:00:46]} 9. Re1 {[%emt 0:02:27]} a5 {[%emt 0:01:09]} 10. a4 {[%emt 0:01:30]} c6 {[%emt 0:01:13]} 11. e4 {[%emt 0:00:32]} Na6 {[%emt 0:00:48]} 12. e5 {[%emt 0:01:57]} Nd7 {[%emt 0:00:42]} 13. Nd4 {[%emt 0:00:23]} Nb4 {[%emt 0:10:04]} 14. Kh1 {[%emt 0:10:53]} Qb8 {[%emt 0:07:22]} 15. f4 {[%emt 0:03:47]} b5 {[%emt 0:03:36]} 16. Ba3 {[%emt 0:10:43]} Qb6 {[%emt 0:02:48]} 17. N2f3 {[%emt 0:02:57]} Bc5 {[%emt 0:06:37]} 18. Bb2 {[%emt 0:05:22]} bxa4 {[%emt 0:04:22]} 19. Rxa4 {[%emt 0:00:35]} Be7 {[%emt 0:00:47]} 20. f5 {[%emt 0:09:05]} c5 {[%emt 0:08:15]} 21. fxe6 {[%emt 0:03:10]} fxe6 {[%emt 0:00:09]} 22. Ne2 {[%emt 0:00:15]} c4 {[%emt 0:02:03]} 23. bxc4 {[%emt 0:09:50]} dxc4 {[%emt 0:02:29]} 24. dxc4 {[%emt 0:11:02]} Nc5 {[%emt 0:01:07]} 25. Bd4 {[%emt 0:00:19]} Nxc2 {[%emt 0:00:42]} 26. Ra2 {[%emt 0:05:41]} Nxe1 {[%emt 0:01:48]} 27. Qxe1 {[%emt 0:00:09]} Qb4 {[%emt 0:00:36]} 28. Nd2 {[%emt 0:03:56]} Nd3 {[%emt 0:01:01]} 29. Qg1 {[%emt 0:01:04]} Rad8 {[%emt 0:00:18]} 30. h3 {[%emt 0:01:37]} Bc5 {[%emt 0:03:38]} 31. Bxc5 {[%emt 0:06:32]} Qxc5 {[%emt 0:00:07]} 32. Qxc5 {[%emt 0:00:51]} Nxc5 {[%emt 0:00:02]} 33. Nf4 {[%emt 0:00:42]} g5 {[%emt 0:04:14]} 34. Nh5 {[%emt 0:00:49]} Rf2 {[%emt 0:00:08]} 35. Nf6+ {[%emt 0:01:37]} Kg7 {[%emt 0:00:06]} 36. Rxa5 {[%emt 0:04:25]} Rdxd2 {[%emt 0:00:12]} 37. Ra7+ {[%emt 0:01:58]} Kg6 {[%emt 0:00:26]} 38. g4 {[%emt 0:00:17]} Rxg2 {[%emt 0:00:22]} 39. Nxh7 {[%emt 0:00:23]} Rgf2 {[%emt 0:00:07]} 40. Kg1 {[%emt 0:00:23]} Ne4 {[%emt 0:00:09]} 0-1

[Event "Teplice Open 2019"]
[Site "Teplice"]
[Date "2019.06.16"]
[Round "2.27"]
[White "Loiseau, Quentin"]
[Black "Richterova, Natasa"]
[Result "1-0"]
[WhiteElo "2471"]
[BlackElo "2190"]
[Annotator "TA"]
[PlyCount "151"]
[EventDate "2019.06.15"]
[EventType "swiss"]
[EventCountry "CZE"]
[SourceTitle "playchess.com"]
[Source "ChessBase"]
[SourceQuality "1"]

{[%evp 21,151,44,64,61,69,77,60,56,58,52,56,56,83,81,80,76,88,81,82,65,71,74,86,87,102,102,100,97,117,113,125,79,79,81,95,92,97,90,90,84,125,125,126,118,125,118,125,124,125,113,125,124,134,134,185,189,181,179,229,226,227,222,237,230,222,215,315,316,317,313,298,255,305,245,303,238,299,298,295,226,257,236,281,271,439,425,375,413,365,402,361,299,385,332,336,329,449,449,449,440,813,449,642,636,558,479,449,449,977,923,885,817,685,691,695,636,1214,449,449,449,449,449,1108,449,12831,7685,29959,29963,29965,29971,29962,4939]} 1. Nf3 Nf6 2. c4 e6 3. g3 d5 4. Bg2 Be7 5. d4 O-O 6. O-O c5 7. cxd5 Nxd5 8. Nc3 cxd4 9. Nxd5 exd5 10. Nxd4 Nc6 11. Be3 Bf6 12. Rc1 {A34: Symmetrical English: 2 Nc3, lines with ...d5} Nxd4 (12... Ne5 13. Nb5 Nc4 14. Bc5 Nxb2 15. Qb3 Re8 16. Bxd5 Rxe2 17. Bxf7+ Kh8 18. Nd6 Bh3 19. Bd5 {1-0 (19) Sethuraman,S (2649)-Swati,G (2249) Hanoi 2018}) 13. Bxd4 Be6 14. Qd2 {White is slightly better.} Bxd4 15. Qxd4 Qa5 16. a3 Rad8 $146 ({Predecessor:} 16... Rac8 17. Rxc8 Rxc8 18. Rd1 Kf8 19. Bxd5 Qxd5 20. Qxd5 Bxd5 21. Rxd5 {1-0 (52) Tuna,A (2253)-Helander,B (1994) Manavgat 2018}) 17. Rfd1 h6 18. Rc5 Qb6 19. b4 Qa6 20. Qd3 ({Not} 20. Bxd5 $2 b6 $19) 20... Qxd3 21. Rxd3 b6 22. Rc7 Rc8 23. Rxc8 (23. Rxa7 {gets mated.} Rc1+ 24. Rd1 Rxd1+ 25. Bf1 Bh3 26. Kh1 Rxf1#) 23... Rxc8 24. Bxd5 $16 {[%mdl 4096] Endgame KRB-KRB} Bh3 {[#] ( -> ...Rc1+)} 25. f3 Bf5 26. Re3 {And now Re7 would win.} Kf8 27. Kf2 Bd7 28. Bb3 a5 29. Rd3 Rc7 30. Rd6 axb4 31. axb4 b5 32. Rd4 Ke7 33. h4 Be8 34. Re4+ Kf8 35. Bd5 Rc1 36. Rd4 Rc7 37. Be4 Ke7 (37... Rc3 $16 38. g4 Rb3) 38. Bd3 $18 Bc6 39. Rg4 Kf6 40. Rf4+ Ke7 41. Rf5 Rb7 42. Rc5 Bd7 43. g4 f6 (43... Kd8 $142 44. g5 hxg5) 44. h5 Kd6 45. Ke3 Rb8 46. Kd4 Rb6 47. e4 Rb8 48. Be2 Rb6 49. f4 Ke7 50. Rd5 Rb7 51. g5 fxg5 52. fxg5 hxg5 $2 (52... Rb8 {was necessary.} 53. Re5+ Kf7 54. g6+ Kf6) 53. Rxg5 Kf6 54. Rg6+ Kf7 55. Kc5 Be8 56. Rd6 Ke7 {If only Black now had time for ...Rc7+....} 57. e5 Rc7+ 58. Kb6 Rc8 {[#]} 59. h6 $1 gxh6 60. Rxh6 Ra8 (60... Rb8+ $142 61. Kc7 Ra8) 61. Bg4 Ra3 (61... Ra1 $142 62. Rh7+ Kf8) 62. Rh7+ Kf8 63. Bd7 Bg6 64. Rh8+ Kg7 (64... Ke7 $142 65. Rh3 (65. Bxb5 Rb3 $16) 65... Ra1) 65. Rc8 Re3 66. Rc5 Re4 67. Kxb5 Kf7 68. e6+ Ke7 69. Rc4 (69. Rg5 $142 Kf6 70. Rg3) 69... Re1 {intending ...Bd3.} 70. Kb6 Bf5 71. b5 {[%cal Bb4b5,Bb5b6][%mdl 32]} Rb1 (71... Be4 $142 72. Kc7 Bd3) 72. Rc3 (72. Kc5 $142 Bh3 73. b6) 72... Rb2 (72... Kd6 $142 73. Rc6+ Ke7) 73. Kc6 Be4+ 74. Kc7 {White mates.} Bg2 75. b6 Bd5 76. Bc6 {Accuracy: White = 75%, Black = 34%.} (76. Rc5 $142 Be4 77. Bc6 Bd3 78. b7 Rxb7+ 79. Bxb7 Kxe6 80. Rc3 Bg6 81. Re3+ Kf5 82. Kd6) 1-0

[Event "Teplice Open 2019"]
[Site "Teplice"]
[Date "2019.06.16"]
[Round "2.28"]
[White "Lorscheid, Gerhard"]
[Black "Vogel, Roven"]
[Result "0-1"]
[WhiteElo "2214"]
[BlackElo "2471"]
[Annotator "ChessBase"]
[PlyCount "50"]
[EventDate "2019.06.15"]
[EventType "swiss"]
[EventCountry "CZE"]
[SourceTitle "playchess.com"]
[Source "ChessBase"]
[SourceQuality "1"]
[TimeControl "40/5400+30:1800+30"]

1. d4 {[%emt 0:00:00]} Nf6 {[%emt 0:00:00]} 2. c4 {[%emt 0:00:00]} e6 {[%emt 0:00:00]} 3. Nc3 {[%emt 0:00:44]} Bb4 {[%emt 0:00:00]} 4. Qc2 {[%emt 0:00:21]} d6 {[%emt 0:00:17]} 5. Nf3 {[%emt 0:02:14]} O-O {[%emt 0:00:43]} 6. Bg5 {[%emt 0:00:39]} h6 {[%emt 0:01:21]} 7. Bd2 {[%emt 0:03:42]} Nbd7 {[%emt 0:05:42]} 8. a3 {[%emt 0:01:19]} Bxc3 {[%emt 0:00:13]} 9. Bxc3 {[%emt 0:00:02]} Qe7 {[%emt 0:05:56]} 10. e3 {[%emt 0:01:43]} b6 {[%emt 0:01:41]} 11. Be2 {[%emt 0:19:28]} Bb7 {[%emt 0:01:12]} 12. O-O {[%emt 0:01:50]} c5 {[%emt 0:12:51]} 13. b4 {[%emt 0:03:32]} cxd4 {[%emt 0:06:04]} 14. exd4 {[%emt 0:03:43]} Rac8 {[%emt 0:01:50]} 15. Qb2 {[%emt 0:06:30]} Bxf3 {[%emt 0:00:46]} 16. gxf3 {[%emt 0:02:02]} Nh5 {[%emt 0:00:30]} 17. Qd2 {[%emt 0:05:03]} Qh4 {[%emt 0:08:55]} 18. Kh1 {[%emt 0:01:21]} Ndf6 {[%emt 0:01:05]} 19. Rg1 {[%emt 0:02:49]} Qxf2 {[%emt 0:08:57]} 20. Rg2 {[%emt 0:00:25]} Qh4 {[%emt 0:00:15]} 21. Rag1 {[%emt 0:01:31]} Kh8 {[%emt 0:01:12]} 22. Qe3 {[%emt 0:02:54]} b5 {[%emt 0:05:50]} 23. Rxg7 {[%emt 0:31:00]} Nxg7 {[%emt 0:02:02]} 24. Be1 {[%emt 0:00:08]} Qh5 {[%emt 0:04:18]} 25. f4 {[%emt 0:00:06]} Nf5 {[%emt 0:00:22]} 0-1